All Icelandic Premier League Players Ever - Statistics

General Stats
  • This quiz has been taken 29 times
  • The average score is 8 of 19
Answer Stats
Position Clubs Years Player % Correct
MID Swansea, Spurs, Everton 2011-21 Gylfi Sigurdsson
96%
DEF West Brom 2002-03 Larus Sigurdsson
91%
ATT Chelsea, Spurs, Stoke, Fulham 2000-06, 2009-11 Eidur Gudjohnsen
70%
MID Burnley 2016-22, 2023-24 Johann Berg Gudmundsson
61%
MID Watford 1999-2000 Johann Birnir Gudmundsson
61%
GK Arsenal 2020-21 Runar Alex Runarsson
57%
MID Cardiff 2013-14, 2018-19 Aron Gunnarsson
48%
MID Reading 2006-08 Brynjar Gunnarsson
48%
GK Brentford 2024-present Hakon Valdimarsson
39%
DEF Crystal Palace, Wimbledon, Ipswich, Charlton, Portsmouth 1997-98, 1999-2002, 2003-10 Hermann Hreidarsson
39%
MID Aston Villa, Wolves, Burnley 2002-04, 2009-10 Joey Gudjonsson
26%
MID/ATT Derby 2000-01 Thordur Gudjonsson
26%
MID Wolves 2011-12 Eggert Jonsson
22%
DEF Bolton 2007-12 Gretar Steinsson
22%
DEF Spurs, Bolton 1992-93, 1995-96, 1997-98, 2001-03 Gudni Bergsson
22%
ATT Watford, Fulham, Bolton, QPR 1999-2000, 2005-09, 2011-12 Heidar Helguson
22%
ATT Bolton, Leicester 1997-2002 Arnar Gunnlaugsson
17%
DEF Reading 2006-08 Ivar Ingimarsson
17%
MID Forest 1992-93 Thorvaldur Orlygsson
13%
No matching quizzes found
Score Distribution
Percent of People with Each Score
Percentile by Number Answered
Your Score History
You have not taken this quiz